000 00562nam a22001937a 4500
008 150714b xxu||||| |||| 00| 0 ger d
041 0 _ager
080 _a62-50
100 _aSamal, Erwin ;
245 _aGrundriß der praktischen regelungstechnik :
_cErwin Samal.
250 _aBand II
260 _aMünchen - Wien :
_bR. Oldenbourg ;
_c1970.
300 _a396 f. :
_bme il. ;
_c22 cm.
500 _aVorwort: f. 9-10
650 0 _aTeknologjia
650 0 _aPraktika
650 0 _aKontrolli
942 _2udc
_cBK
999 _c1118
_d1118